|
|
|
|
| LEADER |
00000nam a2200000 a 4500 |
| 001 |
vtls001451840 |
| 003 |
SK-MaSNL |
| 005 |
20260301073140.0 |
| 008 |
240318s1963 xx 0 und |
| 035 |
|
|
|a SNK000407147
|
| 040 |
|
|
|a SNK
|b slo
|c SNK
|e AACR2
|
| 100 |
0 |
|
|a Helmold,
|d ca 1120-ca 1177
|4 aut
|9 393770
|
| 245 |
1 |
0 |
|a Slavjanskaja chronika
|c Geľmold
|
| 250 |
|
|
|a 1. vyd.
|
| 260 |
|
|
|a Moskva
|b Izdateľstvo akademii nauk CCCR
|c 1963
|
| 300 |
|
|
|a 292 s.
|
| 958 |
|
|
|a OND
|
| 999 |
|
|
|c 643261
|d 645191
|
| 952 |
|
|
|t P60, <04>, [BOOK]
|a SNK
|b SNK
|y VYP
|7 0
|p 17A0379230
|o snkIC 33788
|i snkK 2184/63
|0 0
|1 0
|4 0
|d 2003-03-27
|l 0
|r 2005-01-02 00:00:00
|w 2026-02-23
|